Movies Quiz

Random Movies or Animation Quiz
Score 0/6 Timer 01:00
0 Plays Today
% Correct
AURA + OF + RAGS
81.1%
JADE + SMILES + NEEDED
80.6%
TIARAS + NANNY
71.7%
MUST + LAND
71.1%
BELIEVE + LESS
70.6%
MORE + ANAGRAMS
69.4%
Remove Ads.
Support Sporcle.
Get the best of Sporcle when you Go Orange. This ad-free experience offers more features, more stats, and more fun while also helping to support Sporcle. Thank you for becoming a member.

You're not logged in!

Compare scores with friends on all Sporcle quizzes.
OR
Log In

Sporcle TV

Today on Sporcle TV


Watch our educational content, quiz creation guides, and fun videos on Sporcle TV.

Show Comments

Extras

Top Quizzes Today


Score Distribution

Paid Content

Your Account Isn't Verified!

In order to create a playlist on Sporcle, you need to verify the email address you used during registration. Go to your Sporcle Settings to finish the process.

Report this User

Report this user for behavior that violates our Community Guidelines.

Details: